Guess The TV Show Or film by characters - Statistics

General Stats
  • This quiz has been taken 177 times
  • The average score is 11 of 15
Answer Stats
Characters TV Show/Film % Correct
Shaggy, Velma, Fred Scooby Doo
95%
Fiona, Donkey, Gingy Shrek
88%
Pumbaa, Timon, Nala Lion King
87%
Woody, Bullseye, Zurg Toy Story
87%
Crush, Marlin, Dory Finding Nemo
86%
Elmo, Cookie Monster, Big Bird Sesame Street
84%
Patrick, Sandy, Gary Spongebob
79%
Gru, Bob, Vector Despicable Me
76%
Bob Parr, Dash, Elastigirl Incredibles
72%
Kaa, Baloo, King Louie Jungle Book
70%
Roz, Mike, Sullivan Monsters Inc
70%
Tinky Winky, Po, Boo Noo Teletubbies
65%
BB8, Qui-Gon Jinn, Greebo Star Wars
61%
Barney, Wilma, Pebbles Flintstones
55%
Melman, Private, Alex Madagascar
46%
No matching quizzes found
Score Distribution
Percent of People with Each Score
Percentile by Number Answered
Your Score History
You have not taken this quiz